| 000 | 00671nam a2200121Ia 4500 | ||
|---|---|---|---|
| 008 | 171212s9999 xx 000 0 und d | ||
| 020 | _a9781760460709 | ||
| 245 |
_ceditor Biersack, Aletta;Jolly, Margaret;Macintyre, Martha _aGender Violence & Human Rights _bSeeking Justice in Fiji, Papua New Guinea and Vanuatu |
||
| 260 |
_bANU E Press _c2016 |
||
| 650 | _aPolitical Science | ||
| 650 | _aSex discrimination against women -- Fiji; Sex discrimination against women -- Papua New Guinea; Sex discrimination against women -- Vanuatu; Women’s rights -- Fiji; Women’s rights -- Papua New Guinea; Women’s rights -- Vanuatu | ||
| 856 | _uhttp://jstor.org/stable/j.ctt1q1crk0 | ||
| 999 |
_c351126 _d351126 |
||